• 首页
  • 本馆介绍
  • 公告通知
  • 最新文献
  • 馆藏检索
  • 电子资源
  • 读者导购
  • 参考咨询
  • 我的图书馆
  • 登录
  • 详细信息显示
  • 放入我的书架
  • 预约/预借图书
  • 作者相关作品
  • 分类相关作品
  • 丛书相关作品
  • 出版社相关作品

书目信息

  • 表格格式
  • 工作单格式
  • 卡片格式
题名:
学前游戏论
    
 
作者: 杨飞龙 , 孙丽影 , 刘春梅 主编
分册:  
出版信息: 北京   中国铁道出版社  2016.02
页数: 115页
开本: 26cm
丛书名:
单 册:
中图分类: G613.7
科图分类:
主题词: 游戏课--教学研究--学前教育--高等学校--教材
电子资源:
ISBN: 978-7-113-21444-9
000 01034nam0 2200265 450
001 0103152651
005 20201103152731.0
010    @a978-7-113-21444-9@dCNY25.00
100    @a20160406d2016 em y0chiy50 ea
101 0  @achi
102    @aCN@b110000
105    @aa z 000yy
106    @ar
200 1  @a学前游戏论@Axue qian you xi lun@f杨飞龙, 孙丽影, 刘春梅主编
210    @a北京@c中国铁道出版社@d2016.02
215    @a115页@c图@d26cm
300    @a普通高等院校学前教育规划教材
330    @a本书共分6章,在阐述幼儿园游戏的概念、分类级影响因素等基本理论问题的基础上,从操作层面系统地论述了幼儿园游戏活动组织与实施中的问题,包括幼儿园游戏环境的创设、幼儿园不同年龄班游戏的观察与指导,以及幼儿园各类游戏的创编等问题,并列举了大量幼儿园各类游戏案例。
606 0  @a游戏课@x教学研究@x学前教育@x高等学校@j教材
690    @aG613.7@v5
701  0 @a杨飞龙@Ayang fei long@4主编
701  0 @a孙丽影@Asun li ying@4主编
701  0 @a刘春梅@Aliu chun mei@4主编
801  0 @aCN@bBJSZM@c20201103
905    @b1256511-5@dG613.7@e1061@f5
    
    学前游戏论/杨飞龙, 孙丽影, 刘春梅主编.-北京:中国铁道出版社,2016.02
    115页:图;26cm
    普通高等院校学前教育规划教材
    
    ISBN 978-7-113-21444-9:CNY25.00
    本书共分6章,在阐述幼儿园游戏的概念、分类级影响因素等基本理论问题的基础上,从操作层面系统地论述了幼儿园游戏活动组织与实施中的问题,包括幼儿园游戏环境的创设、幼儿园不同年龄班游戏的观察与指导,以及幼儿园各类游戏的创编等问题,并列举了大量幼儿园各类游戏案例。
●
相关链接 在E读中查询图书 在五车中查询图书 在当当中查询图书 在豆瓣中查询图书


正题名:学前游戏论     索取号:G613.7/1061         预约/预借

序号 登录号 条形码 馆藏地/架位号 状态 备注
1 1256511   212565115   第一样本阅览室/ [索取号:G613.7/1061] 在馆    
2 1256512   212565124   教育系资料室/ [索取号:G613.7/1061] 在馆    
3 1256513   212565133   教育系资料室/ [索取号:G613.7/1061] 在馆    
4 1256514   212565142   第四借阅区/ [索取号:G613.7/1061] 在馆    
5 1256515   212565151   第四借阅区/ [索取号:G613.7/1061] 在馆    
唐山师范学院图书馆 欢迎您!
大连网信软件有限公司© 版权所有